| 000 | 01325nam a22003737a 4500 | ||
|---|---|---|---|
| 003 | CHAP | ||
| 005 | 20220329134029.0 | ||
| 008 | 971013s1977 r 00010 d | ||
| 010 | _a14363 | ||
| 011 | _a15335 | ||
| 035 | _a19410 | ||
| 040 | _cCHAP | ||
| 090 | _aTesis | ||
| 100 | 0 | 0 |
_aHernández Díaz, José Ciro. _953958 |
| 245 | _aEstudio de algunos factores que afectan al prendimiento de estacas de Populus alba L., P. balsamífera DuRoi, P. x canadensis Moench. y Acecer negundo L. | ||
| 260 |
_aChapingo, Méx. : _bEl Autor, _c1977 |
||
| 300 |
_a193 h. _b: gráfs. |
||
| 502 | _aTesis (Ing. Agrónomo Esp. en Bosques) -- ENA. Depto. de Bosques | ||
| 590 |
_aALEPH _b10 _c20130110 _lUCH01 _h1235 |
||
| 590 |
_aBATCH-UPD _b10 _c20130110 _lUCH01 _h1601 |
||
| 590 |
_aBATCH-UPD _b10 _c20130410 _lUCH01 _h0958 |
||
| 590 |
_aBATCH-UPD _b10 _c20130914 _lUCH01 _h1714 |
||
| 590 |
_aCONVERSION _b10 _c20130109 _lUCH01 _h1309 |
||
| 650 | 1 | 4 |
_aAcer negundo. _9479 |
| 650 | 1 | 4 |
_aPlantación de árboles. _988782 |
| 650 | 1 | 4 |
_aPopulus alba. _990918 |
| 650 | 1 | 4 |
_aPopulus canadiensis. _990919 |
| 650 | 1 | 4 |
_aPropagación de plantas. _992417 |
| 901 | _aBK | ||
| 942 | _cFOLL | ||
| 949 |
_bBC _cTES _d-45115 _eTS1 _i19410 _si |
||
| 949 |
_bBC _cTES _d-45116 _eTS2 _fc.2 _i19410 _si |
||
| 949 |
_bBC _cTES _d33724000606620 _eTS2 _fc.3 _i19410 _si |
||
| 999 |
_c14363 _d14363 |
||